000 00345 a2200157 4500
001 48444
020 _a978858526014923
040 _cAnchieta - Bela Vista
100 _aMachado, Ana Maria
240 1 0 _aCurvo ou reto
_lpor
245 1 0 _aCurvo ou reto
300 _a27
362 0 _a2010
650 4 _aLiteratura infanto-juvenil
942 _cBK
999 _c48444
_d48444